|
|
|
|
| LEADER |
01199nam a2200313 a 4500 |
| 001 |
31372 |
| 003 |
BD-DhAAL |
| 005 |
20161010121856.0 |
| 008 |
161010r20032000enka s 001 0 eng d |
| 010 |
|
|
|a 00709713
|
| 020 |
|
|
|a 0521793793 (pbk.)
|
| 020 |
|
|
|a 0521790328 (hardback)
|
| 040 |
|
|
|a UKM
|c UKM
|d C#P
|d DLC
|d BD-DhAAL
|
| 050 |
0 |
0 |
|a JC423
|b .D439784 2000
|
| 082 |
0 |
0 |
|a 338.9009045
|2 21
|
| 999 |
|
|
|c 37835
|d 37835
|
| 999 |
|
|
|c 37835
|
| 245 |
0 |
0 |
|a Democracy and development :
|b political institutions and well-being in the world, 1950-1990 /
|c Adam Przeworski... [et al.].
|
| 260 |
|
|
|a Cambridge :
|b Cambridge University Press,
|c 2000.[reprinted 2003]
|
| 300 |
|
|
|a xvii, 321 p. :
|b ill. ;
|c 24 cm.
|
| 490 |
|
|
|a Cambridge studies in the theory of democracy
|
| 504 |
|
|
|a Includes bibliographical references and indexes.
|
| 526 |
|
|
|a BIGD
|
| 541 |
|
|
|e 31372
|
| 650 |
|
0 |
|a Democracy.
|9 20628
|
| 650 |
|
0 |
|a Economic development
|x Political aspects.
|9 20629
|
| 700 |
1 |
|
|a Przeworski, Adam.
|9 20630
|
| 942 |
|
|
|2 ddc
|c BK
|
| 952 |
|
|
|0 0
|1 0
|2 ddc
|4 0
|6 338_900904500000000_DEM
|7 0
|9 59674
|a IGS
|b IGS
|c GEN
|d 2016-09-25
|e Trim Education
|g 3695.00
|l 0
|o 338.9009045 DEM
|p 3010031372
|r 2016-10-02
|t 1
|v 3695.00
|w 2016-09-25
|y BK
|